000
00219nam a22000857a 4500
008
161128b xxu||||| |||| 00| 0 eng d
100
_9
1512
_a
Madan.R.C.
245
_a
An In Sight into Chemistry
260
_a
New Delhi
_b
PPC
_c
2008
999
_c
4241
_d
4241